000 00647nam a2200205Ia 4500
003 GCL
008 140319s9999 xx 000 0 ara d
040 _aGCL /
_cGCL
082 0 4 _a814.008
_bع م
100 1 _aعلى شكرى
245 1 0 _aمراة المنفى اسئلة فى ثقافة النفط والحرب /
_cعلى شكرى
260 _a[S.N] :
_bالهيئة المصرية العامة للكتاب ،
_c1994
300 _a241 ص
490 _a
650 0 4 _aالادب العربى
650 0 4 _aالمقالات العربية
650 0 4 _aالثقافة العربية
650 0 4 _aالمجموعات
942 _2ddc
_cBK
999 _c30965
_d30965